| 000 | 00434nam a2200157 a 4500 | ||
|---|---|---|---|
| 005 | 20140412111405.0 | ||
| 008 | 070328s19uu xx 00 eng d | ||
| 020 | _a0-07-571372-1 | ||
| 050 |
_aTR(GS 372.4 _bB35 2005 |
||
| 100 | _aBereiter , Carl | ||
| 245 |
_aSRA Open Court Reading : _bUnit 10 Assessment / _cCarl Bereiter. |
||
| 260 |
_aColumbus, Ohio : _bMc Grawhill, _c2005. |
||
| 300 | _a52 | ||
| 440 | _aSRA | ||
| 999 |
_c105534 _d105534 |
||